Words ending with 'I' - Statistics

General Stats
  • This quiz has been taken 50 times
  • The average score is 20 of 559
Answer Stats
# WORD % Correct
353 pi
77%
48 bi
70%
275 mi
70%
202 hi
68%
497 ti
64%
243 li
60%
12 ai
49%
442 si
49%
543 xi
45%
278 mini
43%
89 chi
40%
352 phi
38%
16 alibi
36%
239 lei
36%
382 radii
32%
168 foci
30%
317 octopi
30%
261 magi
28%
276 midi
26%
370 psi
26%
29 anti
23%
63 cacti
23%
228 kiwi
23%
272 maxi
23%
448 ski
23%
459 spaghetti
23%
18 alumni
21%
148 ennui
21%
253 loci
21%
548 yeti
21%
556 ziti
19%
21 ami
17%
126 deli
17%
177 genii
17%
415 sari
17%
482 taxi
17%
26 ani
15%
271 martini
15%
362 poi
15%
49 bikini
13%
125 dei
13%
173 fungi
13%
189 graffiti
13%
225 khaki
13%
258 macaroni
13%
280 modi
13%
391 rei
13%
549 yogi
13%
2 abaci
11%
17 alkali
11%
108 confetti
11%
111 corgi
11%
194 haji
11%
312 obi
11%
380 rabbi
11%
388 ravioli
11%
405 saki
11%
429 semi
11%
93 chili
9%
94 chilli
9%
118 daiquiri
9%
308 nuclei
9%
324 origami
9%
378 quasi
9%
386 rani
9%
404 safari
9%
406 salami
9%
422 scampi
9%
478 syllabi
9%
506 tori
9%
520 tutti
9%
559 zucchini
9%
59 brocoli
6%
64 cadi
6%
180 ghi
6%
193 hadji
6%
234 lanai
6%
294 nazi
6%
319 okapi
6%
348 peri
6%
349 petri
6%
365 potpourri
6%
377 quai
6%
403 sadi
6%
409 samurai
6%
417 sashimi
6%
428 sei
6%
488 teriyaki
6%
498 tiki
6%
500 tipi
6%
501 titi
6%
538 wadi
6%
27 animi
4%
42 bani
4%
50 blini
4%
58 broccoli
4%
91 chichi
4%
110 coni
4%
138 dui
4%
157 etui
4%
170 fuji
4%
186 gnocchi
4%
205 hippopotami
4%
207 humeri
4%
236 lati
4%
249 linguini
4%
252 literati
4%
279 miri
4%
284 momi
4%
303 nisi
4%
342 pastrami
4%
394 rhinoceri
4%
396 rhombi
4%
398 rigatoni
4%
447 siti
4%
453 soli
4%
457 sori
4%
499 timpani
4%
504 topi
4%
515 tsunami
4%
516 tui
4%
532 vermicelli
4%
1 aalii
2%
4 abri
2%
8 acini
2%
10 agapai
2%
22 amoretti
2%
28 annuli
2%
33 asci
2%
39 bacilli
2%
51 bocci
2%
54 bonsai
2%
55 borzoi
2%
60 bronchi
2%
69 calculi
2%
78 carpi
2%
81 cedi
2%
82 celli
2%
102 coati
2%
103 cocci
2%
113 croci
2%
129 dhoti
2%
133 djinni
2%
136 duci
2%
149 envoi
2%
163 farci
2%
176 gadi
2%
195 hajji
2%
204 hili
2%
210 incubi
2%
215 jinni
2%
218 kadi
2%
219 kaki
2%
223 kepi
2%
226 khi
2%
237 lazuli
2%
244 libretti
2%
251 litchi
2%
256 lungi
2%
270 mariachi
2%
287 mufti
2%
293 nautili
2%
297 nidi
2%
304 nodi
2%
311 obeli
2%
347 peperoni
2%
361 platypi
2%
383 ragi
2%
384 raki
2%
385 rami
2%
419 sati
2%
436 shanghai
2%
437 shanti
2%
463 sri
2%
466 stimuli
2%
469 strati
2%
472 styli
2%
473 succubi
2%
479 tali
2%
480 tarsi
2%
492 thesauri
2%
503 tophi
2%
522 umbilici
2%
523 unai
2%
528 uteri
2%
531 venturi
2%
533 villi
2%
540 wapiti
2%
3 abomasi
0%
5 acanthi
0%
6 acari
0%
7 acervuli
0%
9 afghani
0%
11 agouti
0%
13 aldovandi
0%
14 alfaki
0%
15 alfaqui
0%
19 alveoli
0%
20 ambari
0%
23 amorini
0%
24 amphioxi
0%
25 anestri
0%
30 apiculi
0%
31 argali
0%
32 ariosi
0%
34 assagai
0%
35 assai
0%
36 assegai
0%
37 aurei
0%
38 bacchii
0%
40 bambini
0%
41 banditti
0%
43 banzai
0%
44 basenji
0%
45 bassi
0%
46 benni
0%
47 bhakti
0%
52 boleti
0%
53 bonaci
0%
56 bousouki
0%
57 bouzouki
0%
61 buffi
0%
62 byssi
0%
65 caducei
0%
66 calami
0%
67 calathi
0%
68 calcanei
0%
70 calli
0%
71 calyculi
0%
72 campanili
0%
73 campi
0%
74 canthi
0%
75 canzoni
0%
76 capricci
0%
77 caroli
0%
79 castrati
0%
80 cavetti
0%
83 cembali
0%
84 cerci
0%
85 cesti
0%
86 cestoi
0%
87 charpai
0%
88 charqui
0%
90 chiasmi
0%
92 chigetai
0%
95 chivari
0%
96 choragi
0%
97 choregi
0%
98 ciceroni
0%
99 cicisbei
0%
100 cirri
0%
101 clypei
0%
104 coenuri
0%
105 coloni
0%
106 colossi
0%
107 concerti
0%
109 congii
0%
112 cothurni
0%
114 culti
0%
115 cumuli
0%
116 curari
0%
117 dactyli
0%
119 daishiki
0%
120 dalasi
0%
121 dashiki
0%
122 decemviri
0%
123 defi
0%
124 degami
0%
127 denarii
0%
128 dhooti
0%
130 dhuti
0%
131 dilettanti
0%
132 disci
0%
134 dolci
0%
135 drachmai
0%
137 duelli
0%
139 duomi
0%
140 duumviri
0%
141 echini
0%
142 effendi
0%
143 elemi
0%
144 elenchi
0%
145 elhi
0%
146 emboli
0%
147 emeriti
0%
150 ephebi
0%
151 epheboi
0%
152 ephori
0%
153 epigoni
0%
154 epinaoi
0%
155 eremuri
0%
156 esophagi
0%
158 eucalypti
0%
159 euripi
0%
160 exodoi
0%
161 famiglietti
0%
162 famuli
0%
164 fermi
0%
165 fiaschi
0%
166 flocci
0%
167 flocculi
0%
169 fuci
0%
171 fumuli
0%
172 fundi
0%
174 funiculi
0%
175 gaddi
0%
178 gharri
0%
179 ghazi
0%
181 ghibli
0%
182 gingeli
0%
183 gingili
0%
184 gladioli
0%
185 glutei
0%
187 gomuti
0%
188 gourami
0%
190 grigri
0%
191 guarani
0%
192 gyri
0%
196 hamuli
0%
197 hegari
0%
198 helleri
0%
199 hermai
0%
200 hetairai
0%
201 hexerei
0%
203 hibachi
0%
206 houri
0%
208 iambi
0%
209 impi
0%
211 indri
0%
212 intagli
0%
213 issei
0%
214 isthmi
0%
216 kabiki
0%
217 kabuki
0%
220 kami
0%
221 kanji
0%
222 kauri
0%
224 khadi
0%
227 kirigami
0%
229 kohlrabi
0%
230 kolinski
0%
231 krooni
0%
232 krubi
0%
233 kulaki
0%
235 lapilli
0%
238 lecythi
0%
240 lekythi
0%
241 lekythoi
0%
242 lemnisci
0%
245 libri
0%
246 lichi
0%
247 limbi
0%
248 limuli
0%
250 litai
0%
254 loculi
0%
255 logoi
0%
257 lungyi
0%
259 maestri
0%
260 mafiosi
0%
262 maharani
0%
263 malihini
0%
264 mallei
0%
265 malleoli
0%
266 mammati
0%
267 maqui
0%
268 maravedi
0%
269 marchesi
0%
273 medii
0%
274 menisci
0%
277 miladi
0%
281 modioli
0%
282 moduli
0%
283 moirai
0%
285 monsignori
0%
286 morbilli
0%
288 mythoi
0%
289 naevi
0%
290 naoi
0%
291 narcissi
0%
292 nauplii
0%
295 neroli
0%
296 nevi
0%
298 nielli
0%
299 nilgai
0%
300 nilghai
0%
301 nimbi
0%
302 nisei
0%
305 nomoi
0%
306 notturni
0%
307 nucelli
0%
309 nucleoli
0%
310 nylghai
0%
313 oblasti
0%
314 obligati
0%
315 oboli
0%
316 ocelli
0%
318 octroi
0%
320 omphali
0%
321 onagri
0%
322 oorali
0%
323 oribi
0%
325 ouistiti
0%
326 ourari
0%
327 ourebi
0%
328 ovoli
0%
329 pachisi
0%
330 pachouli
0%
331 padri
0%
332 padroni
0%
333 pahlavi
0%
334 palazzi
0%
335 palpi
0%
336 pandani
0%
337 pappi
0%
338 papyri
0%
339 pardi
0%
340 parodoi
0%
341 pasticci
0%
343 pastromi
0%
344 peccavi
0%
345 penni
0%
346 penuchi
0%
350 petti
0%
351 phalli
0%
354 pilei
0%
355 pili
0%
356 piroghi
0%
357 pirogi
0%
358 pirojki
0%
359 piroshki
0%
360 pirozhki
0%
363 polypi
0%
364 poori
0%
366 priapi
0%
367 primi
0%
368 principi
0%
369 protei
0%
371 psoai
0%
372 puli
0%
373 pulvilli
0%
374 pulvini
0%
375 puri
0%
376 pylori
0%
379 quillai
0%
381 rabboni
0%
387 rappini
0%
389 recti
0%
390 reguli
0%
392 renvoi
0%
393 retiarii
0%
395 rhizopi
0%
397 rhonchi
0%
399 rilievi
0%
400 ripieni
0%
401 rishi
0%
402 sacculi
0%
407 salmi
0%
408 saluki
0%
410 sandhi
0%
411 sannyasi
0%
412 sansei
0%
413 santimi
0%
414 sarcophagi
0%
416 sartorii
0%
418 sastrugi
0%
420 satori
0%
421 scaleni
0%
423 scherzi
0%
424 scirrhi
0%
425 scudi
0%
426 secondi
0%
427 segni
0%
430 senarii
0%
431 sengi
0%
432 seniti
0%
433 senti
0%
434 serai
0%
435 sextarii
0%
438 shikari
0%
439 shilingi
0%
440 shoji
0%
441 shri
0%
443 sigloi
0%
444 signiori
0%
445 signori
0%
446 sileni
0%
449 skyphoi
0%
450 smalti
0%
451 soldi
0%
452 solfeggi
0%
454 solidi
0%
455 soprani
0%
456 sordini
0%
458 souari
0%
460 spahi
0%
461 splenii
0%
462 spumoni
0%
464 staccati
0%
465 stelai
0%
467 stoai
0%
468 stotinki
0%
470 stretti
0%
471 strobili
0%
474 suffari
0%
475 sukiyaki
0%
476 sulci
0%
477 swami
0%
481 tatami
0%
483 teloi
0%
484 tempi
0%
485 tenuti
0%
486 teocalli
0%
487 terai
0%
489 termini
0%
490 thalami
0%
491 thalli
0%
493 tholoi
0%
494 thrombi
0%
495 thymi
0%
496 thyrsi
0%
502 tondi
0%
505 topoi
0%
507 torii
0%
508 torsi
0%
509 tortoni
0%
510 tragi
0%
511 tripoli
0%
512 triumviri
0%
513 trochili
0%
514 tsadi
0%
517 tuladi
0%
518 tumuli
0%
519 turfski
0%
521 tympani
0%
524 unci
0%
525 uncini
0%
526 uraei
0%
527 urari
0%
529 utriculi
0%
530 vagi
0%
534 virelai
0%
535 virtuosi
0%
536 volti
0%
537 volvuli
0%
539 wakiki
0%
541 woorali
0%
542 woorari
0%
544 xysti
0%
545 xystoi
0%
546 yagi
0%
547 yanqui
0%
550 yogini
0%
551 yoni
0%
552 zastrugi
0%
553 zecchini
0%
554 zingani
0%
555 zingari
0%
557 zombi
0%
558 zori
0%
No matching quizzes found
Score Distribution
Percent of People with Each Score
Percentile by Number Answered
Your Score History
You have not taken this quiz